00828nam a2200229Ia 4500008004100000020001500041040001800056041000800074060001200082100002300094245013000117260004900247300005700296504002200353650002100375650003900396650004200435650002300477700004100500700002500541765003200566130821s2002 sp a gr spa  a8420535516 aCo-BoUCMbspa00aspa00aQU 26.51 aAttwood, Teresa K.10aIntroducción a la bioinformáticacTeresa K. Attwood y David J. Parry-Smith ; traducción de Fernando González Candelas aMadrid (España)bPearson Educaciónc2002 axx, 227páginasbilustraciones, gráficos, cuadros aIncluye índice.04aBioinformática04aBiologíaxProcesamiento de datos04aBiologíaxProgramas para computador04aCiencias naturales1 aGonzález Candelas, Fernandoetrad.1 aParry-Smith,David J. tIntroduction to informatics